| 000 | 01260nam a22002057a 4500 | ||
|---|---|---|---|
| 999 |
_c59632 _d59632 |
||
| 003 | Ge_BSU | ||
| 005 | 20230324162442.0 | ||
| 008 | 230324s2023 ge ||||| |||| 00| 0 geo d | ||
| 020 | _a9789941334481 | ||
| 041 | _ageo | ||
| 080 | _a001(470)(092):94(479.22.22) დ- 37 | ||
| 100 |
_aდერჟავინი, ნ. ს. _917253 |
||
| 245 |
_aბათუმის მხარის მოკლე ისტორიული ნარკვევი : _bმ. ნიკოლაძის წიგნის მაღაზიის გამომცემლობა. წელი პირველი / _cნ. ს. დერჟავინი; რუსულიდან თარგმნა მერაბ მეგრელიშვილმა; რედაქტორი რევაზ დიასამიძე. |
||
| 264 |
_aბათუმი: _bუნუვერსალი, _c2023. |
||
| 300 |
_a61 გვ.; _b21 სმ. |
||
| 653 | _aდერჟავინი ბათუმის შესახებ | ||
| 700 |
_aმეგრელიშვილი, მერაბი _eმთარგმნელი _917254 |
||
| 700 |
_aდიასამიძე, რევაზ _eრედაქტორი _9111 |
||
| 942 |
_2udc _cBK |
||